| 000 | 01064nam a22002297a 4500 | ||
|---|---|---|---|
| 003 | OSt | ||
| 005 | 20170608093109.0 | ||
| 008 | 150408b2016 slv spa | ||
| 040 | _cBMC | ||
| 082 | _a621.39 | ||
| 100 | 1 |
_939326 _aRojas Valencia, Javier Alberto |
|
| 245 | 1 | 0 |
_aSistema de control y estadística de aspirantes a abogados para la Corte Suprema de Justicia _b: proyecto _cJavier Alberto Rojas Valencia, Luis Mario Acevedo Mondragón, Walter AlexanderLemus Medina |
| 260 |
_aSanta Ana (El Salvador) _bUniversidad Católica de El Salvador _c2016 |
||
| 300 |
_a29 h. _c27 cm _b+ 1 disco compacto |
||
| 500 | _aPrecede al tít.: Universidad Católica de El Salvador, Facultad de Ingeniería y Arquitectura | ||
| 502 | _aPara optar al título de Ingeniero en Sistemas Informáticos | ||
| 650 | 2 | 4 |
_924722 _aIngeniería de sistemas |
| 700 | 1 |
_939327 _aAcevedo Mondragón, Luis Mario |
|
| 700 | 1 |
_939328 _aLemus Medina, Walter Alexander |
|
| 710 | 2 |
_91166 _aUniversidad Católica de El Salvador _bFacultad de Ingeniería y Arquitectura |
|
| 942 |
_2ddc _cTG |
||
| 999 |
_c25377 _d25377 |
||